| 000 | 00332nam a22001217a 4500 | ||
|---|---|---|---|
| 020 | _a0-201-42297-2 | ||
| 082 | _a658.5 BRD'P | ||
| 100 |
_aBROWNE, J. HARHEN, J. SHIVNAN, J. _960401 |
||
| 245 | _aPRODUCTION MANAGEMENT SYSTEMS AN INTEGRATED PERSPECTIVE | ||
| 260 |
_aENGLAND _bADDISON - WESLEY _c1996 |
||
| 300 | _a425P | ||
| 942 | _cBK | ||
| 999 |
_c570129 _d570129 |
||